Giao thoa văn hóa

Bewaard in:
Bibliografische gegevens
Formaat: Boek
Tags: Voeg label toe
Geen labels, Wees de eerste die dit record labelt!
Thư viện lưu trữ: Mạng thư viện Đại học Đà Nẵng
LEADER 00365nam a22001571a 4500
001 000036015
003 12307
005 20160321135241.0
008 160321s0 000
245 |a Giao thoa văn hóa 
OWN |a LNN 
999 |a From the UDN01 
TYP |a Monograph 
980 |a Mạng thư viện Đại học Đà Nẵng